1461 1125 1414 1056 1404 1378 1380 1772 1751 1961 1593 1608 1526 1882 1696 1934 1937 1170 1932 1251 1273 1215 1937 1448 1496 1775 1423 1692 1159 1393 1049 1011 1385 1336 1409 1652 1217 1335 1855 1840 1192 1439 1998 1565 1704 1012 1284 1739 1206 1986 1663 1297 1504 1033 1417 1709 1488 1225 1278 1644 1748 1735 1681 1702 1548 1502 1325 1091 1432 1188 1998 1459 1045 1972 1475 1304 1271 1255 1513 1839 1646 1272 1139 1802 1487 1421 1888 1970 1565 1255 1556 1262 1599 1780 1476 1173 1959 1093 1809 BCNSPRNW ULIB Ver.6.0+V

เปลี่ยนเป็นภาษาไทย

Change to English
 แสดงรายละเอียดบรรณานุกรม
  กลับหน้าหลัก

Brief Record : Get Marc (ISO 2709) : E-mail record : QR code < ปิดหน้าต่าง
LEADER : 00000nam 2200000uu 4500
001    13399120964
003     ULIB
008    121029s2550||||th 000 0 tha d
020    ^a9789740916833
050  4 ^aDS4.98.P47^bบ541ท
100 0  ^aบุญร่วม เทียมจันทร์
245 10 ^aไทยแพ้คดีเสียดินแดนให้เขมร :^bคดีเขาพระวิหาร /^cรวบรวมเรียบเรียงโดย บุญร่วม เทียมจันทร์, ประภาส เฉลยมรรค, สรัญญา วิชชาธรรม
250    ^aพิมพ์ครั้งที่ 1
260    ^aกรุงเทพฯ :^bอนิเมทกรุ๊ป,^c2550
300    ^a255 หน้า :^bภาพประกอบ ;^c21 ซม.
650  4 ^aเขาพระวิหาร
650  4 ^aปราสาทเพระวิหาร
651  7 ^aไทย^xเขตแดน^zกัมพูชา
651  7 ^aไทย^xเขตแดน^xปัญหาและข้อพิพาท
700 0  ^aประภาส เฉลยมรรค
700 0  ^aสรัญญา วิชชาธรรม
945    ^p170^l0^i18115
995    ^aทศพร
999    ^aทศพร เกษรทอง
รายการนี้ยังไม่มีแท็ก
คุณยังไม่ได้ล็อกอิน คุณสามารถมีกิจกรรมร่วมกับเว็บไซต์ได้ แต่ต้องล็อกอินก่อน ::
  ล็อกอิน

รายการสื่อสารสนเทศ

ลำดับที่ ประเภท เลขเรียก/บาร์โค้ด สถานที่ สถานะ
1. วิทยาศาสตร์การแพทย์ และสุขภาพ
วิทยาศาสตร์การแพทย์ และสุขภาพ
DS4.98.P47 บ541ท ฉ.1 
  Barcode: 18115
ห้องสมุดวิทยาเขตสวรรค์ประชารักษ์
►หนังสือทั่วไป
บนชั้น

รายการใกล้เคียง
    ผู้แต่ง [บุญร่วม เทียมจันทร์]

    หัวเรื่อง [เขาพระวิหาร]
    หัวเรื่อง [ปราสาทเพระวิหาร]

BibComment


ยังไม่เคยถูกคอมเมนท์

คอมเมนท์ทรัพยากรรายการนี้
  คอมเมนท์: ไทยแพ้คดีเสียดิน..


 Copyright 2026. Bcnsprnw @Library